Efficient UPS (Record no. 11304)
[ view plain ]
| 000 -LEADER | |
|---|---|
| fixed length control field | 00524 a2200181 4500 |
| 003 - CONTROL NUMBER IDENTIFIER | |
| control field | NUST |
| 038 ## - RECORD CONTENT LICENSOR | |
| Staff Name | a |
| 082 ## - DEWEY DECIMAL CLASSIFICATION NUMBER | |
| Classification number | BEE-5 |
| 100 ## - MAIN ENTRY--PERSONAL NAME | |
| Personal name | Hashim Mufti |
| 9 (RLIN) | 93425 |
| 245 ## - TITLE STATEMENT | |
| Title | Efficient UPS |
| Statement of responsibility, etc. | Hashim Mufti |
| 260 ## - PUBLICATION, DISTRIBUTION, ETC. | |
| Place of publication, distribution, etc. | Islamabad |
| Name of publisher, distributor, etc. | NUST-SEECS |
| Date of publication, distribution, etc. | 2012 |
| 300 ## - PHYSICAL DESCRIPTION | |
| Extent | 45p. |
| Other physical details | ;ill. |
| Dimensions | ;27cm.+ |
| Accompanying material | CD ROM |
| 500 ## - GENERAL NOTE | |
| General note | Supervisors: Mr. Osama Ali Arshad, Dr. Tauseef Tauqeer |
| 563 ## - BINDING INFORMATION | |
| Binding note | a |
| 700 ## - ADDED ENTRY--PERSONAL NAME | |
| Personal name | Humayun Khan, Shabir Ahmad |
| 9 (RLIN) | 93426 |
| 856 ## - ELECTRONIC LOCATION AND ACCESS | |
| Uniform Resource Identifier | <a href="http://10.250.8.41:8080/xmlui/handle/123456789/5832">http://10.250.8.41:8080/xmlui/handle/123456789/5832</a> |
| 942 ## - ADDED ENTRY ELEMENTS (KOHA) | |
| Koha item type | Thesis |
| Call number prefix | BEE-5 HAS |
| Source of classification or shelving scheme | |
| Withdrawn status | Lost status | Source of classification or shelving scheme | Damaged status | Not for loan | Permanent Location | Current Location | Date acquired | Total Checkouts | Full call number | Barcode | Date last seen | Date last checked out | Price effective from | Koha item type |
|---|---|---|---|---|---|---|---|---|---|---|---|---|---|---|
| WITHDRAWN | Central Library (CL) | Central Library (CL) | 07/07/2022 | 1 | BEE-5 HAS | SEECSP01131 | 11/03/2014 | 09/29/2014 | 11/14/2012 | Project Report |
